00271nam a2200097Ia 4500008004100000082001200041100001800053245008500071260000900156300000800165190415s9999 xx 000 0 und d aRI.0009 aInamdar, N.R. 0aDevelopment administration in India : Ideological,theoretical and operational pe c1991 a335